Partidos políticos y crisis institucional en Colombia /

Spremljeno u:
Bibliografski detalji
Glavni autor: Medellín, Pedro
Format: Tekst
Teme:
Oznake: Dodaj oznaku
Bez oznaka, Budi prvi tko označuje ovaj zapis!

MARC

LEADER 00000 a a2200000 04500
001 13218
003
040
100 |a Medellín, Pedro  
245 |a Partidos políticos y crisis institucional en Colombia /  |c Pedro Medellín 
650 |a CONFLICTOS POLITICOS  
650 |a CRISIS POLITICAS  
650 |a DESCENTRALIZACION  
650 |a COMPORTAMIENTO POLITICO  
773 |g número 2; páginas 71-85  
999 |c 35374  |d 35374